000 00848nas a2200289 4500
001 BR0904216
003 BR-BrBNA
005 20231205113304.0
007 ta
008 230509b bl.|||p| |||| 00| 00por d
040 _aBR-BrBNA
_bpor
_cBiblioteca Nacional de Agricultura
041 _a(Pt)
072 _aL73
100 1 _aOliveira Filho, J.P.
100 1 _aGonçalves, R.C.
100 1 _aChiacchio, S.B.
100 1 _aAmorim, R.M.
100 1 _aConceição, L.G.
100 1 _aBorges, A.S.
245 1 _aPênfigo foliáceo em equino
_bRelato de caso
650 _aEQUINO
650 _aDERMATITE
650 _aVÍRUS
773 0 _tArquivo Brasileiro de Medicina Veterinária e Zootecnia (Brazil)
_xISSN 0102-0935
_g(Oct 2007), v. 59(5) p. 1132-1136
_wBR0904216
909 _a202311
_bLúcia
_c55
_dLúcia Elande
942 _2AGRIS
_n0
_cANA
999 _c202920
_d202920